| 000 | 00532nam a22001937a 4500 | ||
|---|---|---|---|
| 003 | OSt | ||
| 005 | 20161017152723.0 | ||
| 008 | 161017b xxu||||| |||| 00| 0 eng d | ||
| 020 | _a9970026119 | ||
| 040 | _cDNML. | ||
| 082 | _aWM30.6P959p 2006. | ||
| 100 |
_aLarsen,J.William; _911212 |
||
| 245 |
_aPsychiatry: _bFor primary Health Care in Uganda. |
||
| 260 |
_aKampala,Uganda; _bFountain Publishers. _c2006. |
||
| 300 |
_axii,241p; _bill: _c20cm |
||
| 504 | _aincludes index. | ||
| 650 |
_aPsychiatry. _9351 |
||
| 942 |
_2ddc _cO_SHELF |
||
| 999 |
_c5361 _d5361 |
||